XI Finale CAN 2026 - Statistiques

Statistiques générales
  • Ce quiz a été pris 21 fois
  • Le résultat moyen est 16 sur 22
Statistiques - réponses
Hint Club Réponse % Correct
Maroc Real Madrid Attaquant Diaz
100%
Maroc Paris SG Défenseur Hakimi
100%
Maroc Al-Hilal Gardien Bounou
95%
Sénégal Al Ahli Gardien Mendy
95%
Sénégal Nice Défenseur Mendy
95%
Maroc Marseille Défenseur Aguerd
89%
Sénégal Everton Milieu Gueye
89%
Sénégal Villareal Milieu Gueye
89%
Sénégal Bayern Munich Attaquant Jackson
89%
Sénégal Al Nasr Attaquant Mané
89%
Sénégal Monaco Milieu Camara
84%
Sénégal Everton Attaquant Ndiaye
84%
Maroc Manchester United Défenseur Mazraoui
79%
Sénégal Lyon Défenseur Niakhaté
79%
Sénégal Strasbourg/Chelsea Défenseur Sarr
74%
Maroc PSV Eindhoven Milieu Saibari
63%
Sénégal West Ham Défenseur Diouf
53%
Maroc As Roma Milieu El Aynaoui
53%
Maroc Olympiakos Attaquant El Kaabi
53%
Maroc Stuttgart Milieu El Khannouss
42%
Maroc Betis Séville Attaquant Ezzalzouli
32%
Maroc Torino Défenseur Masina
21%
Aucun quiz correspondant
Distribution des résultats
% des personnes avec chaque résultat
Percentile par nombre de réponses
Votre historique - résultats
Vous n’avez pas pris ce quiz